| 000 | 01872nas a2200409 c 4500 | ||
|---|---|---|---|
| 001 | 294549 | ||
| 003 | BLK | ||
| 005 | 20250215101228.0 | ||
| 008 | 180413b bul rap|r|||| |0| c1bulo| | ||
| 010 | _aPRD00003094000 | ||
| 022 | _aC603-3792 | ||
| 040 | _aBLK | ||
| 041 |
_aBUL _cBUL |
||
| 080 |
_aДогматика _b23 _z23 |
||
| 080 |
_aХристиански църкви. Общини и секти _b28 _z28 |
||
| 110 | 1 |
_aДоростоло - Червенската митрополия _eРед. кол.: Смоленски епископ Нестор _9360365 |
|
| 245 | 1 | 0 |
_aВЯРА И ЖИВОТ _bТримес. списание за религиозна просв., култура и родолюбие _cДоростоло - Червенската митрополия ; Ред. кол.: Смоленски епископ Нестор _fНачална год. на издаване: Год. 1, № 1 (1935), |
| 257 | _aBGR | ||
| 260 |
_bДоростоло - Червенска митрополия _c1990 _fБургас : ДП Г. Кирков |
||
| 300 | _c24 | ||
| 310 |
_cдепозит за: 1992 _eсрок за съхранение: 99 |
||
| 380 | _a2 | ||
| 500 | _aзабележка:Списанието излиза от дек. 1933 до дек. 1946 г. ; 1935-1936 под загл. Месечно издание на Доростоло - Червенската митрополия, 1937-1945 Месечно религиозно списание. | ||
| 852 | _aА 35 | ||
| 852 | _aК 2/В 99 | ||
| 856 |
_qpdf _u |
||
| 856 |
_qpdf _u |
||
| 942 |
_cJOU _n0 _s1 _031 |
||
| 944 |
_aCR _cВася_Ганчева _k30560 _lГеновева Генчева |
||
| 944 |
_aED _k04.09.2014 |
||
| 999 |
_c294549 _d294549 |
||
| 999 | _d294549 | ||
| 999 | _d294549 | ||
| 999 | _d294549 | ||
| 999 | _d294549 | ||
| 999 | _d294549 | ||
| 999 | _d294549 | ||